| 000 | 01337cam a22003857a 4500 | ||
|---|---|---|---|
| 003 | CHAP | ||
| 005 | 20220329133736.0 | ||
| 008 | 971013d1976 meÌxa r 00010 spa | ||
| 010 | _a10195 | ||
| 011 | _a11167 | ||
| 035 | _a10405 | ||
| 040 | _cCHAP | ||
| 090 | _aTesis | ||
| 100 | 0 | 0 |
_aAceves Navarro, Lorenzo Armando. _9531 |
| 245 | 1 | 4 | _aLos terrenos ensalitrados y los métodos para su recuperación |
| 260 |
_aChapingo, Méx. : _bEl autor, _c1976 |
||
| 300 |
_a2 v. _b: ilus. ; gráfs |
||
| 502 | _aTesis (Ing. Agr. Esp. en Suelos) ENA. Departamento de Suelos | ||
| 590 |
_aALEPH _b10 _c20130110 _lUCH01 _h1226 |
||
| 590 |
_aBATCH-UPD _b10 _c20130109 _lUCH01 _h2349 |
||
| 590 |
_aBATCH-UPD _b10 _c20130110 _lUCH01 _h1431 |
||
| 590 |
_aBATCH-UPD _b10 _c20130410 _lUCH01 _h0908 |
||
| 590 |
_aBATCH-UPD _b10 _c20130913 _lUCH01 _h1901 |
||
| 590 |
_aCONVERSION _b10 _c20130109 _lUCH01 _h1307 |
||
| 650 | 1 | 4 |
_aSuelos salinos. _9110558 |
| 650 | 1 | 4 |
_aSuelos sódicos. _9110560 |
| 650 | 1 | 4 |
_aSuelos _xLixiviación. _9110420 |
| 650 | 1 | 4 |
_aTierras _xRecuperación de. _9113120 |
| 901 | _aBK | ||
| 905 | _aMayto Villalobos S. | ||
| 942 | _cFOLL | ||
| 949 |
_bBC _cTES _d33724000704102 _eTS1 _fv.1 _i10405 _si |
||
| 949 |
_bBC _cTES _d33724002328884 _eTS2 _fv.1 c.2 _h32679 _i10405 _kDonaciØn _si |
||
| 949 |
_bBC _cTES _d33724002328926 _eTS2 _fv.2 _i10405 _si |
||
| 999 |
_c10195 _d10195 |
||